Stimulirovanije effektivnosti truda.

Výskum produktivity práce v 21 podnikoch ZSSR. Nepodloženosť rastu miezd rastom produktivity práce. Metodika tvorby fondov podnikov pri rôznych modeloch chozrasčotu. Nájom a produktivita práce. Vplyv nových foriem hospodárenia na efektívnosť.

Gespeichert in:
Bibliographische Detailangaben
1. Verfasser: Maleva, T.
Format: Buchkapitel
Sprache:Russisch
Schlagworte:
Tags: Tag hinzufügen
Keine Tags, Fügen Sie das erste Tag hinzu!

MARC

LEADER 00000naa a2200000 4500
001 r006384
005 20221130103025.6
041 0 |a rus 
044 |a [SU] 
245 1 0 |a Stimulirovanije effektivnosti truda.  |c T. Maleva 
520 |a Výskum produktivity práce v 21 podnikoch ZSSR. Nepodloženosť rastu miezd rastom produktivity práce. Metodika tvorby fondov podnikov pri rôznych modeloch chozrasčotu. Nájom a produktivita práce. Vplyv nových foriem hospodárenia na efektívnosť. 
610 2 0 |a produktivita práce 
610 2 0 |a ZSSR 
610 2 0 |a výskum 
610 2 0 |a stimulovanie 
610 2 0 |a chozrasčot podnikový 
610 2 0 |a efektívnosť práce 
610 2 0 |a prenájom 
610 2 0 |a podnik 
100 1 |a Maleva, T.